<?xml version="1.0" encoding="UTF-8"?>
<collection xmlns="http://www.loc.gov/MARC21/slim">
 <record>
  <leader>04495nam a22004935i 4500</leader>
  <controlfield tag="001">978-1-4471-4402-1</controlfield>
  <controlfield tag="003">DE-He213</controlfield>
  <controlfield tag="005">20210616062139.0</controlfield>
  <controlfield tag="007">cr nn 008mamaa</controlfield>
  <controlfield tag="008">130125s2013    xxk|    s    |||| 0|eng d</controlfield>
  <datafield tag="020" ind1=" " ind2=" ">
   <subfield code="a">9781447144021</subfield>
   <subfield code="9">978-1-4471-4402-1</subfield>
  </datafield>
  <datafield tag="024" ind1="7" ind2=" ">
   <subfield code="a">10.1007/978-1-4471-4402-1</subfield>
   <subfield code="2">doi</subfield>
  </datafield>
  <datafield tag="050" ind1=" " ind2="4">
   <subfield code="a">Q337.5</subfield>
  </datafield>
  <datafield tag="050" ind1=" " ind2="4">
   <subfield code="a">TK7882.P3</subfield>
  </datafield>
  <datafield tag="072" ind1=" " ind2="7">
   <subfield code="a">UYQP</subfield>
   <subfield code="2">bicssc</subfield>
  </datafield>
  <datafield tag="072" ind1=" " ind2="7">
   <subfield code="a">COM016000</subfield>
   <subfield code="2">bisacsh</subfield>
  </datafield>
  <datafield tag="072" ind1=" " ind2="7">
   <subfield code="a">UYQP</subfield>
   <subfield code="2">thema</subfield>
  </datafield>
  <datafield tag="082" ind1="0" ind2="4">
   <subfield code="a">006.4</subfield>
   <subfield code="2">23</subfield>
  </datafield>
  <datafield tag="245" ind1="1" ind2="0">
   <subfield code="a">Handbook of Iris Recognition</subfield>
   <subfield code="h">[electronic resource] /</subfield>
   <subfield code="c">edited by Mark J. Burge, Kevin Bowyer.</subfield>
  </datafield>
  <datafield tag="250" ind1=" " ind2=" ">
   <subfield code="a">1st ed. 2013.</subfield>
  </datafield>
  <datafield tag="264" ind1=" " ind2="1">
   <subfield code="a">London :</subfield>
   <subfield code="b">Springer London :</subfield>
   <subfield code="b">Imprint: Springer,</subfield>
   <subfield code="c">2013.</subfield>
  </datafield>
  <datafield tag="300" ind1=" " ind2=" ">
   <subfield code="a">XVI, 407 p.</subfield>
   <subfield code="b">online resource.</subfield>
  </datafield>
  <datafield tag="336" ind1=" " ind2=" ">
   <subfield code="a">text</subfield>
   <subfield code="b">txt</subfield>
   <subfield code="2">rdacontent</subfield>
  </datafield>
  <datafield tag="337" ind1=" " ind2=" ">
   <subfield code="a">computer</subfield>
   <subfield code="b">c</subfield>
   <subfield code="2">rdamedia</subfield>
  </datafield>
  <datafield tag="338" ind1=" " ind2=" ">
   <subfield code="a">online resource</subfield>
   <subfield code="b">cr</subfield>
   <subfield code="2">rdacarrier</subfield>
  </datafield>
  <datafield tag="347" ind1=" " ind2=" ">
   <subfield code="a">text file</subfield>
   <subfield code="b">PDF</subfield>
   <subfield code="2">rda</subfield>
  </datafield>
  <datafield tag="490" ind1="1" ind2=" ">
   <subfield code="a">Advances in Computer Vision and Pattern Recognition,</subfield>
   <subfield code="x">2191-6586</subfield>
  </datafield>
  <datafield tag="505" ind1="0" ind2=" ">
   <subfield code="a">Introduction to the Handbook of Iris Recognition -- A Survey of Iris Biometrics Research: 2008-2010 -- Standard Iris Storage Formats -- Iris Quality Metrics for Adaptive Authentication -- Quality and Demographic Investigation of ICE 2006 -- Iris Recognition with Taylor Expansion Features -- A Theoretical Model For Describing Iris Dynamics -- Iris Recognition in the Visible Wavelength -- Multispectral Iris Fusion and Cross-spectrum Matching -- Robust and Secure Iris Recognition -- Template Aging in Iris Biometrics -- Fusion of Face and Iris Biometrics -- Methods for Iris Segmentation -- Introduction to the IrisCode Theory -- Application of Correlation Filters for Iris Recognition -- Reverse Engineering the Daugman Feature Encoding Scheme -- Optics of Iris Imaging Systems.</subfield>
  </datafield>
  <datafield tag="520" ind1=" " ind2=" ">
   <subfield code="a">More than 100 trillion iris comparisons are now being performed on a daily basis, a number that is rapidly growing. This is breath-taking progress for a field that is arguably just twenty years old. The first book of its kind devoted entirely to the subject, the Handbook of Iris Recognition introduces the reader to this exciting, rapidly developing, technology of today and tomorrow. Blending insights from the editors’ own work, and exploiting their broad overview of the field, this authoritative collection introduces the reader to the state of the art in iris recognition technology. Topics and features: With a Foreword by the “father of iris recognition,” Professor John Daugman of Cambridge University Presents work from an international selection of preeminent researchers, reflecting the uses of iris recognition in many different social contexts Provides viewpoints from researchers in government, industry and academia, highlighting how iris recognition is both a thriving industry and an active research area Surveys previous developments in the field, and covers topics ranging from the low-level (e.g., physics of iris image acquisition) to the high level (e.g., alternative non-Daugman approaches to iris matching) Introduces many active and open areas of research in iris recognition, including cross-wavelength matching and iris template aging This comprehensive text/reference is an essential resource for anyone wishing to improve their understanding of iris recognition technology, be they practitioners in industry, managers and executives, or researchers searching for new insights and ideas. Dr. Mark J. Burge is Senior Principal Scientist at the MITRE Corporation, McLean, VA, USA. Dr. Kevin W. Bowyer is the Schubmehl-Prein Family Professor and Department Chair of Computer Science and Engineering at the University of Notre Dame, IN, USA.</subfield>
  </datafield>
  <datafield tag="650" ind1=" " ind2="0">
   <subfield code="a">Pattern recognition.</subfield>
  </datafield>
  <datafield tag="650" ind1="1" ind2="4">
   <subfield code="a">Pattern Recognition.</subfield>
   <subfield code="0">https://scigraph.springernature.com/ontologies/product-market-codes/I2203X</subfield>
  </datafield>
  <datafield tag="700" ind1="1" ind2=" ">
   <subfield code="a">Burge, Mark J.</subfield>
   <subfield code="e">editor.</subfield>
   <subfield code="4">edt</subfield>
   <subfield code="4">http://id.loc.gov/vocabulary/relators/edt</subfield>
  </datafield>
  <datafield tag="700" ind1="1" ind2=" ">
   <subfield code="a">Bowyer, Kevin.</subfield>
   <subfield code="e">editor.</subfield>
   <subfield code="4">edt</subfield>
   <subfield code="4">http://id.loc.gov/vocabulary/relators/edt</subfield>
  </datafield>
  <datafield tag="710" ind1="2" ind2=" ">
   <subfield code="a">SpringerLink (Online service)</subfield>
  </datafield>
  <datafield tag="773" ind1="0" ind2=" ">
   <subfield code="t">Springer Nature eBook</subfield>
  </datafield>
  <datafield tag="776" ind1="0" ind2="8">
   <subfield code="i">Printed edition:</subfield>
   <subfield code="z">9781447144038</subfield>
  </datafield>
  <datafield tag="776" ind1="0" ind2="8">
   <subfield code="i">Printed edition:</subfield>
   <subfield code="z">9781447160618</subfield>
  </datafield>
  <datafield tag="776" ind1="0" ind2="8">
   <subfield code="i">Printed edition:</subfield>
   <subfield code="z">9781447144014</subfield>
  </datafield>
  <datafield tag="830" ind1=" " ind2="0">
   <subfield code="a">Advances in Computer Vision and Pattern Recognition,</subfield>
   <subfield code="x">2191-6586</subfield>
  </datafield>
  <datafield tag="856" ind1="4" ind2="0">
   <subfield code="u">https://doi.org/10.1007/978-1-4471-4402-1</subfield>
  </datafield>
  <datafield tag="912" ind1=" " ind2=" ">
   <subfield code="a">ZDB-2-SCS</subfield>
  </datafield>
  <datafield tag="912" ind1=" " ind2=" ">
   <subfield code="a">ZDB-2-SXCS</subfield>
  </datafield>
  <datafield tag="950" ind1=" " ind2=" ">
   <subfield code="a">Computer Science (SpringerNature-11645)</subfield>
  </datafield>
  <datafield tag="950" ind1=" " ind2=" ">
   <subfield code="a">Computer Science (R0) (SpringerNature-43710)</subfield>
  </datafield>
 </record>
</collection>
